Statistics for ClariSのシングル

Click here to take the quiz!

General Stats

  • This quiz has been taken 10 times
  • The average score is 12 of 25

Answer Stats

Answer% Correct
2ndコネクト
100%
8thカラフル
83%
17thヒトリゴト
83%
1stアリスirony
83%
4thナイショの話
67%
6thルミナス
67%
21thアリシア/シグナル
50%
16thagain
50%
9thCLICK
50%
7threunion
50%
18thSHIORI
50%
10thSTEP
50%
12thアネモネ
33%
24thALIVE
33%
11thカレンborder
33%
20thCheerS
33%
15thclever
33%
14thGravity
33%
3rdnexus
33%
19thPRIMALove
33%
13thPrism
33%
5thWake Up
33%
23thケアレス
17%
22thFight!!
17%
25thMasquerade
0%

Score Distribution

Percentile by Number Answered

Percent of People with Each Score

Your Score History

You have not taken this quiz